00309nam a2200109Ia 4500008004100000041000800041082001200049100001700061245008200078260003100160300000800191230511s1999 xx 000 0 und d aeng a346.052 aDivekar G M  aLaw of Hindu Co-Parcenary with Commentary on the Hindu Succession State Act  aPunebHind Law Housec1999 a266